[Event "Global Chess League"]
[Site "Dubai"]
[Date "2023.06.24"]
[Round "4.4"]
[White "Kosteniuk, Alexandra"]
[Black "Krush, Irina"]
[Result "1/2-1/2"]
[WhiteElo "2523"]
[BlackElo "2436"]
[PlyCount "146"]
[EventDate "2023.06.22"]
[EventType "team-tourn (rapid)"]
[EventRounds "10"]
[EventCountry "UAE"]
[SourceTitle "CBM 215 Extra"]
[Source "ChessBase"]
[SourceDate "2023.09.30"]
[SourceVersion "1"]
[SourceVersionDate "2023.09.30"]
[SourceQuality "1"]
[WhiteTeam "Chingari Gulf Titans"]
[BlackTeam "SG Alpine Warriors"]
[WhiteTeamCountry "IND"]
[BlackTeamCountry "IND"]

1. e4 c5 2. Nf3 d6 3. Bb5+ Bd7 4. c4 Nf6 5. Nc3 Nc6 6. 0-0 e6 7. d4 cxd4 8. Nxd4 Be7 9. Nc2 0-0 10. f4 a6 11. Ba4 b5 12. cxb5 axb5 13. Bxb5 Nxe4 14. Nxe4 Qb6+ 15. Be3 Qxb5 16. Nxd6 Qxb2 17. Nc4 Qb7 18. Rb1 Qc7 19. Nb6 Rad8 20. Qe2 Bc8 21. Rfc1 Qd6 22. a4 e5 23. Nxc8 Rxc8 24. fxe5 Qxe5 25. Qg4 Bc5 26. Re1 Qc3 27. Bxc5 Qxc5+ 28. Ne3 Ne5 29. Qe2 Nc4 30. Qxc4 Qxc4 31. Nxc4 Rxc4 32. Ra1 g6 33. a5 Ra8 34. Re7 Ra6 35. h3 Rf4 36. Re5 h5 37. Rf1 Ra4 38. Re7 R4xa5 39. Rfxf7 Rg5 40. Rg7+ Kh8 41. Rh7+ Kg8 42. Reg7+ Kf8 43. Rb7 Kg8 44. Rhg7+ Kh8 45. Rgc7 Ra8 46. Kh2 Re8 47. Rf7 Kg8 48. Rg7+ Kh8 49. Rgc7 Kg8 50. Rc6 Rf8 51. Rcc7 Rf2 52. Rc8+ Rf8 53. Rc2 Rf7 54. Rb6 Kg7 55. Rc8 Rf2 56. Rb7+ Rf7 57. Rbb8 Re5 58. Rg8+ Kh6 59. Rb6 Rg7 60. Rd8 Rf5 61. g4 hxg4 62. hxg4 Rc5 63. Kg3 Kg5 64. Rbd6 Rc3+ 65. Rd3 Rxd3+ 66. Rxd3 Rc7 67. Rd5+ Kh6 68. Kh4 Rc4 69. Ra5 Rb4 70. Rc5 Ra4 71. Rb5 Rc4 72. Ra5 Rb4 73. Rc5 Ra4 1/2-1/2